| 000 | 00759cam a2200253 4500 | ||
|---|---|---|---|
| 008 | 090401t1995 xxu||||| |||| 00| 0 eng d | ||
| 020 | _a0117531022 | ||
| 035 | _a(Sirsi) u31521 | ||
| 041 | _aeng | ||
| 110 |
_aUnited Kingdom _bDepartment of the Environment _9982 |
||
| 245 | _aGeneral Development Order Consolidation 1995. | ||
| 260 |
_aLondon _bHMSO _c1995 |
||
| 300 | _a42p. ; 24cm. | ||
| 350 | _a6.25 | ||
| 490 |
_aDoE Circular _v9/95 |
||
| 490 |
_aWelsh Office Circular _v29/95 |
||
| 520 | _aCircular effective from 3.6.95. | ||
| 650 | _aGENERAL DEVELOPMENT ORDER | ||
| 650 | _aTOWN AND COUNTRY PLANNING ACT 1990 | ||
| 690 | _aPLANNING LAW AND PRACTICE | ||
| 710 |
_aUnited Kingdom _bWelsh Office _91214 |
||
| 942 | _n0 | ||
| 948 | _c04/03/1997 | ||
| 999 |
_c89603 _d89603 |
||